Countries with the Highest Volcanoes - Statistics

General Stats
  • This quiz has been taken 13,286 times
  • The average score is 14 of 20
Answer Stats
Meters Feet Country % Correct
5,005 16,421 United States
98%
6,893 22,615 Chile
91%
5,642 18,510 Russia
90%
6,893 22,615 Argentina
89%
5,636 18,491 Mexico
89%
6,425 21,079 Peru
89%
5,364 17,598 Colombia
86%
6,267 20,561 Ecuador
85%
6,542 21,463 Bolivia
84%
5,895 19,341 Tanzania
75%
5,199 17,057 Kenya
74%
4,220 13,850 Guatemala
65%
5,137 16,854 Turkey
61%
5,610 18,410 Iran
60%
4,368 14,331 Papua New Guinea
58%
4,321 14,177 Uganda
58%
4,507 14,787 Rwanda
51%
4,095 13,435 Armenia
47%
5,047 16,558 Georgia
47%
4,095 13,435 Cameroon
26%
No matching quizzes found
Score Distribution
Percent of People with Each Score
Percentile by Number Answered
Your Score History
You have not taken this quiz